Les 25 plus grosses stations de ski et domaines skiables français - Statistiques

Statistiques générales
  • Ce quiz a été pris 61 fois
  • Le résultat moyen est 10 sur 25
Statistiques - réponses
Kilométrage Nombre de pistes Stations reliées Altitude max (m) Département Domaine % Correct
600 342 8 3230 Savoie Les 3 Vallées
86%
425 264 6 3250 Savoie Paradiski
82%
300 156 2 3450 Savoie Espace Killy
67%
150 96 4 3840 Haute-Savoie Chamonix Mont-Blanc
63%
445 160 8 2530 Haute-Savoie Savoie Évasion Mont Blanc
60%
600 286 12 2460 Haute-Savoie Les Portes du Soleil
58%
240 131 6 3300 Isère Alpe d'Huez
56%
225 96 1 3600 Isère Les 2 Alpes
54%
220 83 2 2500 Haute-Savoie Les Aravis
49%
250 107 4 2800 Hautes-Alpes Serre Chevalier
49%
265 142 5 2500 Haute-Savoie Le Grand Massif
46%
165 90 4 2550 Savoie Le Grand Domaine
39%
185 116 2 2750 Hautes-Alpes La Forêt Blanche
37%
192 157 6 2070 Savoie Espace Diamant
33%
160 91 2 2800 Savoie Espace San Bernardo
32%
310 136 6 2620 Savoie Les Sybelles
32%
160 89 2 2750 Savoie Galibier Thabor
30%
410 249 7 2800 Hautes-Alpes La Voie Lactée
28%
90 38 3 2730 Alpes-Maritimes Les Portes du Mercantour
25%
120 47 3 2400 Isère Les 7 Laux
21%
180 87 2 2600 Espace Lumière
19%
100 50 2 1420 Haut-Rhin Vosges Massif des Vosges
18%
160 70 3 1680 Jura Mont Jura
18%
100 68 2 2500 Hautes-Pyrénées Le Grand Tourmalet
12%
125 66 1 2800 Savoie Val Cenis Vanoise
7%
Aucun quiz correspondant
Distribution des résultats
% des personnes avec chaque résultat
Percentile par nombre de réponses
Votre historique - résultats
Vous n’avez pas pris ce quiz